[Event "PriFR-ch (Women) 10th"]
[Site "Perm"]
[Date "2011.01.04"]
[Round "1"]
[White "Smirnova, Anastasia"]
[Black "Chetina, Elizaveta"]
[Result "1/2-1/2"]
[WhiteElo "2021"]
[BlackElo "1783"]
[PlyCount "60"]
[EventDate "2011.01.04"]
[EventType "swiss"]
[EventRounds "9"]
[EventCountry "RUS"]
[SourceTitle "EXT 2022"]
[Source "ChessBase"]
[SourceDate "2021.10.06"]
[SourceVersion "1"]
[SourceVersionDate "2021.10.06"]
[SourceQuality "1"]

1. d4 Nf6 2. c4 e6 3. Nc3 d5 4. Nf3 c6 5. cxd5 exd5 6. Qc2 Bb4 7. a3 Bxc3+ 8. bxc3 Ne4 9. e3 Bf5 10. Bd3 Nd7 11. 0-0 0-0 12. Ne5 Nxe5 13. dxe5 Bg6 14. c4 Qh4 15. f3 Ng5 16. Bxg6 hxg6 17. e4 dxe4 18. Bxg5 Qxg5 19. Qxe4 Rfe8 20. f4 Qe7 21. Qe3 Qe6 22. Qc3 Red8 23. Rad1 Qg4 24. Rd6 Rxd6 25. exd6 c5 26. Qe5 b6 27. Qe7 Qe6 28. Qc7 Qc8 29. Qe7 Qe6 30. Qc7 Qc8 1/2-1/2